Practical Immunology (Record no. 4191)

MARC details
000 -LEADER
fixed length control field 00416nam a22001697a 4500
005 - DATE AND TIME OF LATEST TRANSACTION
control field 20210907153345.0
008 - FIXED-LENGTH DATA ELEMENTS--GENERAL INFORMATION
fixed length control field 160627b xxu||||| |||| 00| 0 eng d
020 ## - INTERNATIONAL STANDARD BOOK NUMBER
ISBN 0-86542-961-8
041 ## - LANGUAGE CODE
Language code of text/sound track or separate title eng
082 ## - DEWEY DECIMAL CLASSIFICATION NUMBER
Item number 10270
100 ## - MAIN ENTRY--AUTHOR NAME
Personal name Hay, Frank C and West wood, Oluyn MR
245 ## - TITLE STATEMENT
Title Practical Immunology
260 ## - PUBLICATION, DISTRIBUTION, ETC. (IMPRINT)
Name of publisher Blackwell Science
Year of publication 2003
300 ## - PHYSICAL DESCRIPTION
Number of Pages 344
650 ## - SUBJECT ADDED ENTRY--TOPICAL TERM
Topical Term Agriculture
942 ## - ADDED ENTRY ELEMENTS (KOHA)
Koha item type Books
Holdings
Lost status Damaged status Home library Current library Shelving location Date acquired Source of acquisition Full call number Accession Number Koha item type
    JRU Library JRU Library SHELF-18-F 27/06/2016 DONATION 571.96 10270 Books